Estatísticas para Jogadores de Futebol por País

Clique aqui para jogar o quiz

Estatísticas Gerais

  • Esse quiz foi jogado 8 722 vezes
  • A pontuação média é 19 de 27

Estatísticas das Respostas

JogadorPaís% Correto
Lionel MessiArgentina
100%
PeléBrasil
100%
Gerd MüllerAlemanha
96%
Luis SuárezUruguai
94%
Cristiano RonaldoPortugal
94%
Wayne RooneyInglaterra
92%
Roberto BaggioItália
91%
Thierry HenryFrança
90%
Zlatan IbrahimovicSuécia
89%
David VillaEspanha
86%
Gareth BalePaís de Gales
85%
James RodríguezColômbia
84%
Johan CruyffPaíses Baixos
80%
Arturo VidalChile
76%
Didier DrogbaCosta do Marfim
74%
Samuel Eto'oCamarões
70%
Andriy ShevchenkoUcrânia
70%
Giorgos KaragounisGrécia
56%
Robbie KeaneIrlanda
54%
Pavel NedvědRepública Tcheca
51%
George BestIrlanda do Norte
47%
Nwankwo KanuNigéria
41%
Davor ŠukerCroácia
39%
Kenny DalglishEscócia
37%
George WeahLibéria
36%
Mia HammEstados Unidos
34%
Doctor KhumaloÁfrica do Sul
27%

Distribuição das Pontuações

Percentil de Números Respondidos

Porcentagem de Pessoas com Cada Pontuação

Sua Pontuação Histórica

Você não jogou esse quiz